Catálogo
 En Linea

Curso elemental de lectura de cartas / (Registro nro. 16682)

Detalles MARC
000 -CABECERA
campo de control de longitud fija 00624nam a2200169 a 4500
001 - NÚMERO DE CONTROL
campo de control 000017156
005 - FECHA Y HORA DE LA ÚLTIMA TRANSACCIÓN
campo de control 20240307183814.0
008 - DATOS DE LONGITUD FIJA--INFORMACIÓN GENERAL
campo de control de longitud fija 100319s1971 dr ab 000 0 spa d
040 ## - FUENTE DE LA CATALOGACIÓN
Centro catalogador/agencia de origen DO-SdBNP
Lengua de catalogación spa
Centro/agencia transcriptor BNPHU
082 ## - NÚMERO DE LA CLASIFICACIÓN DECIMAL DEWEY
Número de clasificación xxx
Número de documento/Ítem M433c
049 ## - FONDOS LOCALES (OCLC)
Fondos de biblioteca BNPD
100 1# - ENTRADA PRINCIPAL--NOMBRE DE PERSONA
Nombre de persona Matos G., Ramiro‏
Forma completa/desarrollada del nombre (Matos González)
Fechas asociadas al nombre 1927-
9 (RLIN) 37780
245 10 - MENCIÓN DE TÍTULO
Título Curso elemental de lectura de cartas /
Mención de responsabilidad, etc. Ramiro Matos González; prólogo Teófilo R. Romero Pumarol.
260 ## - PUBLICACIÓN, DISTRIBUCIÓN, ETC.
Lugar de publicación, distribución, etc. San Isidro, República Dominicana :
Nombre del editor, distribuidor, etc. Fuerzas Armadas Dominicana,
Fecha de publicación, distribución, etc. 1971.
300 ## - DESCRIPCIÓN FÍSICA
Extensión 65 p. :
Otras características físicas il. ; map. ;
Dimensiones 23 cm.
700 1# - PUNTO DE ACCESO ADICIONAL--NOMBRE DE PERSONA
Nombre de persona Romero Pumarol, Teófilo R.
Término indicativo de función/relación pról.
9 (RLIN) 37781
Existencias
Estado de retiro Estado de pérdida No para préstamo Código de colección Localización permanente Ubicación/localización actual Ubicación en estantería Fecha de adquisición Número de inventario Total de préstamos Signatura topográfica completa Código de barras Fecha visto por última vez Precio válido a partir de Tipo de ítem Koha
    Excluido de préstamo Patrimonio Dominicano Patrimonio Dominicano Patrimonio Dominicano En catalogación 19.03.2010 LF1   xxx M433c 17156-10 25.06.2020 25.06.2020 Libro y Folleto Colección Patrimonio Dominicano

Con tecnología Koha